000 00611nam a2200217 u 4500
005 20221129063646.0
008 160428s2015 mx r 000 0 spa d
020 _a9786079419493
035 _aUPN01000209906
049 _aI
050 4 _aF1234.5 M3
_bM6.4
100 1 _aMolina, Silvia,
_d1946-
_929354
245 1 4 _aLos hermanos Madero /
_cSilvia Molina.
260 _aMéxico :
_bINEHRM,
_c2015.
300 _a31 p. :
_bil. col.
440 0 _aBiografías para niños
600 1 4 _aMADERO, FRANCISCO IGNACIO,
_d1873-1913
600 3 4 _aMADERO, FAMILIA
_924837
905 _aInfantil
999 _c182007
_d182007